Guess the UK City by Picture - Statistics

General Stats
  • This quiz has been taken 97 times
  • The average score is 9 of 16
Answer Stats
Picture Answer % Correct
London
100%
Edinburgh
79%
Liverpool
78%
Cambridge
69%
Oxford
68%
Bristol
67%
Newcastle
65%
Manchester
60%
Portsmouth
52%
Birmingham
48%
Cardiff
48%
Belfast
46%
Glasgow
36%
Leeds
35%
Sheffield
32%
Nottingham
26%
No matching quizzes found
Score Distribution
Percent of People with Each Score
Percentile by Number Answered
Your Score History
You have not taken this quiz